000 00486 a2200181 4500
999 _c534409
_d534409
003 NUST
005 20200219123539.0
008 200219b ||||| |||| 00| 0 eng d
020 _a9695191223
038 _aMSOHAIL
082 _a297.2
100 _aIzutsu,Toshihiko.
_928546
245 _aThe Concept of Belief in Islamic Theology.
_cToshihiko Izutsu.
260 _aLahore.
_bSuhail Academy.
_c2005.
300 _a250p.
500 _aHardcover.
942 _aNBS
_cBK
_k297.22 IZU
_2ddc